000 00221nam a22000857a 4500
008 170113b xxu||||| |||| 00| 0 eng d
100 _92400
_aVerma.N.k.etal.
245 _aChemistry-Practical-XI
260 _aNew Delhi
_bL.P.
_c2011
999 _c5418
_d5418